000 00565cam a2200169 i 4500
005 20260111111900.0
008 250721s2012 jo gr 000 0 ara d
082 1 4 _a302.2
_bخ ل ي
100 1 _aخليل، محمد فيصل
_eمؤلف.
245 1 0 _aمبادئ في الإعلام المتخصص /
_cتأليف محمد فيصل خليل.
264 3 1 _aعمان :
_bالمؤلف،
_c2012.
300 _a204صفحة.
650 1 7 _aالاعلام.
650 1 7 _aوسائل الاتصال الجماهيري.
942 _2ddc
_cBK
999 _c124319
_d124319